000
00329nam a2200145Ia 4500
008
230718s9999 xx 000 0 und d
041
_a
Eng.
082
_a
346.4
_b
CHO-M
100
_a
Chodhry A.G
245
0
_a
Mercantile law
260
_a
Pakistan
_b
Khyber law publisher
_c
2010
300
_a
574
650
_a
Law
999
_c
30458
_d
30458